Movement disorders (Registro nro. 302467)

Detalles MARC
000 -ENCABEZADO
Número de control [NR] 01052cam a22002774a 4500
005 - FECHA Y HORA DE LA ÚLTIMA TRANSACCIÓN
control field 20180312112553.0
008 - DE LONGITUD FIJA DE DATOS DE ELEMENTOS - INFORMACIÓN GENERAL
Elementos de longitud fija [NR] 160209s2012 xxuao fr 001 0 eng d
020 ## - NUMERO INTERNACIONAL NORMALIZADO PARA LIBROS [R]
Número Internacional Normalizado del libro [NR] 9781603274258
035 ## - NUMERO DE CONTROL DEL SISTEMA [R]
Número de control del sistema [NR] (OCoLC)ocn809886735
040 ## - FUENTE DE CATALOGACION [NR]
Agencia de catalogación original [NR] CO-BoUCM
Idioma de catalogación [NR] spa
Quien Cataloga Sandra Palacio
Quien Clasifica Sandra Palacio
041 0# - CODIGO DE IDIOMA [R]
Código de idioma para texto/pista de sonido o título separado [R] Inglés
060 10 - SIGNATURA TOPOGRAFICA DE LA BIBLIOTECA NACIONAL DE MEDICINA (NLM) [R]
Número clasificador [R] WL 390
100 1# - ASIENTO PRINCIPAL--NOMBRE PERSONAL [NR]
Nombre personal [NR] Bhidayasiri, Roongroj
ID Autoridad 75389
245 10 - MENCION DE TITULO [NR]
Título [NR] Movement disorders
Parte restante del título [NR] A video atlas
Mención de responsabilidad, etc. [NR] Roongroj Bhidayasiri, Daniel Tarsy
260 ## - PUBLICACION, DISTRIBUCION, ETC. (PIE DE IMPRENTA) [R]
Lugar de publicación, distribución, etc. [R] Nueva York (Estados Unidos)
Nombre del editor, distribuidor, etc. [R] Humana Press
Fecha de publicación, distribución, etc. [R] 2012
300 ## - DESCRIPCION FISICA [R]
Extensión [R] xv, 249 páginas
Otros detalles físicos [NR] ilustraciones y fotografías
Material acompañante [NR] 1 DVD
490 0# - MENCION DE SERIE [R]
Mención de serie [R] Current clinical neurology
504 ## - NOTA DE BIBLIOGRAFIA, ETC. [R]
Nota de bibliografía, etc. [NR] Incluye referencias bibliográficas e índices
650 #7 - ASIENTO SECUNDARIO DE MATERIA - TERMINO TEMATICO [R]
Término temático o nombre geográfico como elemento de entrada [NR] Desordenes del movimiento
Subdivisión de forma [R] Atlas
9 (RLIN) 13074
650 #7 - ASIENTO SECUNDARIO DE MATERIA - TERMINO TEMATICO [R]
Término temático o nombre geográfico como elemento de entrada [NR] Desordenes del movimiento
Subdivisión de forma [R] Estudio de casos
9 (RLIN) 13074
650 #7 - ASIENTO SECUNDARIO DE MATERIA - TERMINO TEMATICO [R]
Término temático o nombre geográfico como elemento de entrada [NR] Desordenes del movimiento
Subdivisión de forma [R] Estudios reportados
-- Video
9 (RLIN) 13074
690 ## - ASUNTO AGREGADO LOCAL DE ENTRADA - TÉRMINO TEMÁTICO (OCLC, RLIN)
9 (RLIN) 42886
Acceso temático local Neurología
700 1# - ASIENTO SECUNDARIO - NOMBRE PERSONAL [R]
Nombre personal [NR] Tarsy, Daniel
9 (RLIN) 75390
942 ## - ELEMENTOS DE ENTRADA AGREGADOS (KOHA)
Sistema de clasificación NLM
Tema principal Medicina
Tipo de ítem principal el descrito en 300a Libro de reserva
Edición 1
Clasificación WL 390
Parte restante de la signatura top. B575mo
Título oculto en OPAC No
Existencias
Fecha de último préstamo Total préstamos Signatura topográfica Código de barras Última vez visto Ejemplar Costo de reposición Price effective from Tipo de ítem Perdido Sistema de clasificación Dañado No prestable Tipo de ítem específico Suprimido Ubicación habitual Ubicación actual Localización Fecha de creación Proveedor Forma de adquisición Costo Volúmen / Fascículo
26/08/2024 1 WL 390 B575mo 200028912 11/12/2025 Ej.1 190000.00 08/02/2016 Libro   NLM     Libro   Quinta de Mutis Quinta de Mutis 2do piso 08/02/2016 26 Compra 190000.00  
26/08/2024 1 WL 390 B575mo 200028913 12/12/2025 Ej.1   08/02/2016 Multimedia   NLM     DVD   Quinta de Mutis Quinta de Mutis Colección digital 08/02/2016   Compra   DVD